000 00800nam a22002297a 4500
005 20090630114344.0
008 090313t xxu||||| |||| 00| 0 eng d
010 _aENG-94294
020 _c195.00
_a9788120335271
035 _aEN-77827
037 _bDBAD / PUB
040 _adpl
_bEnglish
082 _a658
100 _aGupta, Meenakshi
_916314
245 _aPrinciples of management /
_cby Meenakshi Gupta
260 _aNew Delhi
_bPHI Learning
_c2009
270 _aM-97 Connaught Circus
_bNew Delhi
_e110001
300 _axi, 271p.
_c25cm(pbk)
500 _aIncludes bibliographical references and index
942 _2ddc
_cEN
_mGUP
_h658
999 _c27982
_d27982